Normal view
MARC view
Entry Meeting Name
001 - CONTROL NUMBER
- control field: 22425
003 - CONTROL NUMBER IDENTIFIER
- control field: OSt
005 - DATE AND TIME OF LATEST TRANSACTION
- control field: 20211105134643.0
008 - FIXED-LENGTH DATA ELEMENTS
- fixed length control field: 211105|| aca||aabn | a|a d
040 ## - CATALOGING SOURCE
- Original cataloging agency: OSt
- Transcribing agency: OSt
111 ## - HEADING--MEETING NAME
- Meeting name or jurisdiction name as entry element: Paris workshop
- Location of meeting: France
- Date of meeting or treaty signing: 1997 June 9-12
670 ## - SOURCE DATA FOUND
- Source citation: Work cat.: (OSt): Paris workshop France 1997 June 9-12, Be stars, 1998